[Event "15. Obert Int. Sant Marti 2013"]
[Site "Barcelona ESP"]
[Date "2013.07.18"]
[Round "6.36"]
[White "Tarrago Domingo, Miguel"]
[Black "Gullaksen, Eirik"]
[Result "0-1"]
[WhiteElo "2034"]
[BlackElo "2380"]
[PlyCount "70"]
[EventDate "2013.07.13"]
[EventType "swiss"]
[EventRounds "9"]
[EventCountry "ESP"]
[SourceTitle "Ajedrez en Madrid"]
[Source "lmi"]
[SourceDate "2013.07.13"]
[SourceVersion "1"]
[SourceVersionDate "2019.06.21"]
[SourceQuality "1"]

1. Nf3 g6 2. c4 Bg7 3. Nc3 d6 4. d4 Nf6 5. e4 O-O 6. Be2 Na6 7. O-O e5 8. dxe5
dxe5 9. Qxd8 Rxd8 10. Bg5 Re8 11. Rad1 c6 12. Ne1 Nc5 13. f3 Ne6 14. Be3 Nd4
15. Bd3 Be6 16. b3 Nd7 17. Nc2 a5 18. Ne2 Nxc2 19. Bxc2 a4 20. Nc3 axb3 21.
axb3 Bf8 22. Na4 b5 23. cxb5 cxb5 24. Nb6 Nxb6 25. Bxb6 Ra2 26. Rf2 Rb8 27. Be3
Rxc2 28. Rxc2 Bxb3 29. Rdd2 Bxc2 30. Rxc2 b4 31. Kf2 b3 32. Rb2 Ba3 33. Rb1 b2
34. Ke2 Rc8 35. Bd2 Rc1 0-1

[Event "15. Obert Int. Sant Marti 2013"]
[Site "Barcelona ESP"]
[Date "2013.07.18"]
[Round "6.37"]
[White "Guttulsrud, Odd Martin"]
[Black "Frank-Nielsen, Marie"]
[Result "1/2-1/2"]
[WhiteElo "2212"]
[BlackElo "2016"]
[PlyCount "184"]
[EventDate "2013.07.13"]
[EventType "swiss"]
[EventRounds "9"]
[EventCountry "ESP"]
[SourceTitle "Ajedrez en Madrid"]
[Source "lmi"]
[SourceDate "2013.07.13"]
[SourceVersion "1"]
[SourceVersionDate "2019.06.21"]
[SourceQuality "1"]

1. e4 c5 2. Nf3 e6 3. d4 cxd4 4. Nxd4 a6 5. Bd3 Qc7 6. Nc3 Nc6 7. Nxc6 bxc6 8.
O-O Nf6 9. Qe2 d5 10. b3 Be7 11. Bb2 e5 12. Rae1 d4 13. Na4 O-O 14. f4 Bb4 15.
Rc1 c5 16. c3 dxc3 17. Bxc3 Bxc3 18. Rxc3 Bg4 19. Qe3 exf4 20. Rxf4 Rfe8 21.
Rxc5 Qe7 22. Nc3 Be6 23. Qd4 Rad8 24. Nd5 Bxd5 25. exd5 Qe1+ 26. Rf1 Qe7 27.
Bxa6 Qa7 28. Bd3 Nxd5 29. Qf2 Ne3 30. Rc3 Qd4 31. Rfc1 Qg4 32. Be2 Qg5 33. Bf3
Nf5 34. Re1 Rf8 35. Rc5 Qf4 36. g3 Qg5 37. g4 g6 38. Kf1 Rd2 39. Re2 Rxe2 40.
Kxe2 Re8+ 41. Kd3 Re3+ 42. Kc2 Nd4+ 43. Kb1 Rxf3 44. Rc8+ Kg7 45. Qxd4+ Kh6 46.
Rc4 Rf1+ 47. Kb2 Re1 48. Rc2 Rf1 49. h3 Rf4 50. Qc5 Qf6+ 51. Qc3 Qg5 52. Re2 f5
53. gxf5 Qxf5 54. a4 Rf3 55. Re3 Rf2+ 56. Ka3 Qf8+ 57. b4 Qf7 58. Qb3 Qf6 59.
Rc3 Rf1 60. Qb2 Rf2 61. Qc1+ Kh5 62. Qd1+ Kh6 63. Qc1+ Kh5 64. a5 Qf7 65. Qd1+
Kh6 66. Qc1+ Kg7 67. Rb3 Rf1 68. Qc3+ Kh6 69. Qe3+ Kg7 70. Qe5+ Kh6 71. Qe3+
Kg7 72. Qd4+ Kh6 73. a6 g5 74. Rd3 Rf2 75. Qd5 Qg6 76. b5 Rf5 77. Qd6 Rf6 78.
Qd5 Rf5 79. Qc4 Rf4 80. Qc6 Rf6 81. Qd7 Kh5 82. a7 Rf7 83. Qg4+ Kh6 84. Qd4
Rxa7+ 85. Kb4 Rf7 86. Qc4 Rf4 87. Rd4 Qb1+ 88. Kc5 Qf5+ 89. Qd5 Qc2+ 90. Qc4
Qf5+ 91. Qd5 Qc2+ 92. Qc4 Qf5+ 1/2-1/2

[Event "15. Obert Int. Sant Marti 2013"]
[Site "Barcelona ESP"]
[Date "2013.07.18"]
[Round "6.38"]
[White "Blandon Villa, Diego F"]
[Black "Grebstad, Kjell Borre"]
[Result "1/2-1/2"]
[WhiteElo "2196"]
[BlackElo "2005"]
[PlyCount "68"]
[EventDate "2013.07.13"]
[EventType "swiss"]
[EventRounds "9"]
[EventCountry "ESP"]
[SourceTitle "Ajedrez en Madrid"]
[Source "lmi"]
[SourceDate "2013.07.13"]
[SourceVersion "1"]
[SourceVersionDate "2019.06.21"]
[SourceQuality "1"]

1. c4 e5 2. Nc3 Bb4 3. g3 Bxc3 4. dxc3 d6 5. Bg2 Nc6 6. Nf3 Nge7 7. O-O Be6 8.
Qa4 O-O 9. Rd1 Qc8 10. Ne1 f5 11. Nd3 h6 12. Nb4 Nxb4 13. Qxb4 e4 14. Qa4 Ng6
15. f3 Ne5 16. fxe4 Bxc4 17. Qc2 fxe4 18. Qxe4 Ba6 19. Bf4 Re8 20. Qd5+ Kh8 21.
Re1 Rb8 22. Qd2 Qe6 23. Rad1 Nc4 24. Qc1 Ne3 25. Bxe3 Qxe3+ 26. Qxe3 Rxe3 27.
Kf2 Rbe8 28. Bf3 b6 29. Rd4 Bc8 30. Bc6 R8e7 31. Rf4 Kh7 32. Rf3 R3e5 33. Rf8
Bg4 34. Bf3 Bxf3 1/2-1/2

[Event "15. Obert Int. Sant Marti 2013"]
[Site "Barcelona ESP"]
[Date "2013.07.18"]
[Round "6.39"]
[White "Manelidou, Maria"]
[Black "Anguera Maestro, Jaime"]
[Result "0-1"]
[WhiteElo "2030"]
[BlackElo "2180"]
[PlyCount "112"]
[EventDate "2013.07.13"]
[EventType "swiss"]
[EventRounds "9"]
[EventCountry "ESP"]
[SourceTitle "Ajedrez en Madrid"]
[Source "lmi"]
[SourceDate "2013.07.13"]
[SourceVersion "1"]
[SourceVersionDate "2019.06.21"]
[SourceQuality "1"]

1. e4 b6 2. d4 Bb7 3. Nc3 e6 4. Nf3 Bb4 5. Bd3 d5 6. exd5 Bxd5 7. O-O Bb7 8.
Ne4 Nf6 9. Qe2 Nbd7 10. Bg5 Be7 11. Nxf6+ Bxf6 12. Bxf6 Nxf6 13. c3 O-O 14. Ne5
g6 15. Qe3 Kg7 16. Bc4 Rc8 17. Rad1 Qe7 18. Rfe1 Rfd8 19. Qg3 c5 20. dxc5 Rxc5
21. Bb3 Rxd1 22. Rxd1 Qc7 23. Nd3 Qxg3 24. hxg3 Rc8 25. Ne5 Bd5 26. c4 Bc6 27.
f3 Kf8 28. Kf2 Ke7 29. Rd4 Be8 30. Ke3 Nd7 31. Nxd7 Bxd7 32. Bd1 e5 33. Rh4 h5
34. Be2 f5 35. Bd3 Kf6 36. Rh1 Bc6 37. Rc1 Re8 38. Be2 e4 39. f4 Rc8 40. Rc3
Bd7 41. Ra3 Rc7 42. Rc3 Ke7 43. Rc1 Be6 44. a3 a5 45. Rc3 Kd6 46. Kd4 Rd7 47.
b4 Kc6+ 48. Ke5 Rd2 49. Bxh5 Bf7 50. Kf6 Be8 51. Bxg6 Rd6+ 52. Kxf5 Bxg6+ 53.
Ke5 Rd3 54. Rc2 e3 55. f5 Bh5 56. f6 e2 0-1

[Event "15. Obert Int. Sant Marti 2013"]
[Site "Barcelona ESP"]
[Date "2013.07.18"]
[Round "6.40"]
[White "Lien, Kjell Hakon"]
[Black "Martorell Aguado, Joan"]
[Result "0-1"]
[WhiteElo "1910"]
[BlackElo "2167"]
[PlyCount "60"]
[EventDate "2013.07.13"]
[EventType "swiss"]
[EventRounds "9"]
[EventCountry "ESP"]
[SourceTitle "Ajedrez en Madrid"]
[Source "lmi"]
[SourceDate "2013.07.13"]
[SourceVersion "1"]
[SourceVersionDate "2019.06.21"]
[SourceQuality "1"]

1. e4 g6 2. d4 Bg7 3. Nf3 c5 4. dxc5 Qa5+ 5. c3 Qxc5 6. Be3 Qc7 7. Nbd2 Nf6 8.
Bc4 O-O 9. O-O d6 10. Nd4 a6 11. f3 Nbd7 12. a4 Ne5 13. Bb3 b6 14. Qe2 Bb7 15.
Nc4 Ned7 16. a5 b5 17. Nb6 Nxb6 18. axb6 Qd8 19. c4 Nd7 20. cxb5 Nc5 21. bxa6
Bxd4 22. axb7 Rxa1 23. Rxa1 Nxb3 24. Ra8 Qxb6 25. Bxd4 Nxd4 26. Qa6 Qxa6 27.
Rxa6 Kg7 28. Ra8 Nc6 29. Kf2 Rb8 30. Ra6 Ne5 0-1

[Event "15. Obert Int. Sant Marti 2013"]
[Site "Barcelona ESP"]
[Date "2013.07.18"]
[Round "6.41"]
[White "Herms Agullo, Jordi"]
[Black "Kjolberg, Jens Hjorth"]
[Result "1-0"]
[WhiteElo "2130"]
[BlackElo "1999"]
[PlyCount "91"]
[EventDate "2013.07.13"]
[EventType "swiss"]
[EventRounds "9"]
[EventCountry "ESP"]
[SourceTitle "Ajedrez en Madrid"]
[Source "lmi"]
[SourceDate "2013.07.13"]
[SourceVersion "1"]
[SourceVersionDate "2019.06.21"]
[SourceQuality "1"]

1. e4 e6 2. d4 d5 3. e5 c5 4. c3 Nc6 5. Nf3 Qb6 6. Bd3 cxd4 7. cxd4 Bd7 8. O-O
Nxd4 9. Nxd4 Qxd4 10. Nc3 a6 11. Qe2 Ne7 12. a3 Nc6 13. Be3 Qxe5 14. f4 Qd6 15.
f5 e5 16. Rad1 d4 17. Ne4 Qc7 18. Bg5 Bd6 19. Qh5 h6 20. Rc1 Rf8 21. Bh4 Bc8
22. Rf3 Be7 23. Bxe7 Qxe7 24. f6 gxf6 25. Nxf6+ Kd8 26. Be4 Bd7 27. Qxh6 Be6
28. Bxc6 bxc6 29. Rxc6 Rc8 30. Rxa6 Bc4 31. Ra7 Rc7 32. Ra8+ Rc8 33. Rxc8+ Kxc8
34. Qc1 Qc5 35. Ne4 Qc6 36. Qxc4 Qxc4 37. Nd6+ Kc7 38. Nxc4 e4 39. Rf6 Rd8 40.
Kf2 e3+ 41. Ke2 Rg8 42. Rxf7+ Kc6 43. g3 Rh8 44. h4 Rg8 45. Rf3 Kd5 46. Nxe3+
1-0

[Event "15. Obert Int. Sant Marti 2013"]
[Site "Barcelona ESP"]
[Date "2013.07.18"]
[Round "6.42"]
[White "Heredia Tarrats, Amadeu"]
[Black "Vatkali, Dimitra"]
[Result "0-1"]
[WhiteElo "2098"]
[BlackElo "1964"]
[PlyCount "81"]
[EventDate "2013.07.13"]
[EventType "swiss"]
[EventRounds "9"]
[EventCountry "ESP"]
[SourceTitle "Ajedrez en Madrid"]
[Source "lmi"]
[SourceDate "2013.07.13"]
[SourceVersion "1"]
[SourceVersionDate "2019.06.21"]
[SourceQuality "1"]

1. e4 c6 2. d4 d5 3. exd5 cxd5 4. c4 Nf6 5. Nc3 e6 6. Nf3 Bb4 7. cxd5 Nxd5 8.
Qc2 O-O 9. Bd3 h6 10. O-O Nc6 11. a3 Be7 12. Bh7+ Kh8 13. Be4 Bf6 14. Rd1 Nce7
15. Ne5 Bd7 16. Qd3 Nxc3 17. Qxc3 Ba4 18. b3 Bxe5 19. bxa4 Qc7 20. Qh3 Bf4 21.
Bb2 Rad8 22. g3 Bg5 23. Kh1 b6 24. d5 e5 25. Rd3 Qd6 26. Rad1 f5 27. Bg2 e4 28.
Rb3 Qc5 29. Rb5 Qxf2 30. d6 Qc2 31. Rf1 Rxd6 32. g4 a6 33. Rb4 e3 34. Be4 Qc5
35. gxf5 e2 36. Re1 Qf2 37. Bc3 Rd1 38. Rb1 Rxb1 39. Rxb1 Bf6 40. Rg1 Qf4 41.
Bc2 0-1

[Event "15. Obert Int. Sant Marti 2013"]
[Site "Barcelona ESP"]
[Date "2013.07.18"]
[Round "6.44"]
[White "Cervello Tost, Ferran"]
[Black "Tahay, Alexis"]
[Result "1-0"]
[WhiteElo "2049"]
[BlackElo "1944"]
[PlyCount "113"]
[EventDate "2013.07.13"]
[EventType "swiss"]
[EventRounds "9"]
[EventCountry "ESP"]
[SourceTitle "Ajedrez en Madrid"]
[Source "lmi"]
[SourceDate "2013.07.13"]
[SourceVersion "1"]
[SourceVersionDate "2019.06.21"]
[SourceQuality "1"]

1. d4 Nf6 2. g3 c5 3. Bg2 cxd4 4. Nf3 e5 5. O-O Nc6 6. c3 dxc3 7. Nxc3 h6 8.
Nd2 d5 9. e4 d4 10. Nd5 Be6 11. Nxf6+ Qxf6 12. f4 Bc5 13. Nf3 Bc4 14. fxe5 Nxe5
15. Nxe5 Qxe5 16. Bf4 d3+ 17. Kh1 Qxb2 18. Rc1 Qxa2 19. Qh5 Bd4 20. Rfd1 Bb2
21. Rd2 O-O 22. Rxc4 Qxc4 23. Rxb2 Qc3 24. Rd2 b5 25. e5 Rac8 26. Be4 Rc4 27.
Qf3 Rd8 28. Bxd3 Kh8 29. Bxh6 Rxd3 30. Rxd3 Qe1+ 31. Kg2 Qxe5 32. Bf4 Qe4 33.
Qxe4 Rxe4 34. Rd7 a5 35. Rxf7 Kg8 36. Rb7 Re2+ 37. Kf3 Rxh2 38. Rxb5 Ra2 39.
Rb7 Kf8 40. Ra7 a4 41. Kg4 Rc2 42. Rxa4 Kf7 43. Ra6 Rc5 44. Kh4 Rd5 45. g4 Rb5
46. Bd2 Rc5 47. Bb4 Rb5 48. Bc3 Rb7 49. Kh5 Rc7 50. Bd4 Rc4 51. Ra7+ Kg8 52.
Bxg7 Rc5+ 53. Kh4 Rc4 54. Bf6 Kf8 55. Kg5 Rc5+ 56. Kg6 Rc8 57. Rh7 1-0

[Event "15. Obert Int. Sant Marti 2013"]
[Site "Barcelona ESP"]
[Date "2013.07.18"]
[Round "6.45"]
[White "Fabregas Fontanet, Antonio"]
[Black "Nadal Fajardo, Ricard"]
[Result "1/2-1/2"]
[WhiteElo "2045"]
[BlackElo "1913"]
[PlyCount "89"]
[EventDate "2013.07.13"]
[EventType "swiss"]
[EventRounds "9"]
[EventCountry "ESP"]
[SourceTitle "Ajedrez en Madrid"]
[Source "lmi"]
[SourceDate "2013.07.13"]
[SourceVersion "1"]
[SourceVersionDate "2019.06.21"]
[SourceQuality "1"]

1. e4 c5 2. Nf3 Nc6 3. d4 cxd4 4. Nxd4 e5 5. Nb3 Nf6 6. Nc3 Bb4 7. Bd3 d5 8.
exd5 Nxd5 9. O-O Nxc3 10. bxc3 Bxc3 11. Ba3 Bxa1 12. Qxa1 Qc7 13. Be4 Be6 14.
Rb1 Bxb3 15. Rxb3 Rd8 16. c4 h5 17. Rg3 Rd4 18. Bd5 f6 19. h3 h4 20. Re3 Kd8
21. Bb2 Rf4 22. g3 hxg3 23. fxg3 Qb6 24. Qc1 Rd4 25. Kg2 Ke7 26. Rb3 Qa5 27.
Bxd4 Nxd4 28. Rxb7+ Kd6 29. Qb2 Nc6 30. Rb5 Qa4 31. Rb3 Nd4 32. Ra3 Qc2+ 33.
Qxc2 Nxc2 34. Ra6+ Kc5 35. Be6 Ne3+ 36. Kf3 Nxc4 37. Rxa7 Nd2+ 38. Ke2 Ne4 39.
Rxg7 Ng5 40. Bf5 Nxh3 41. Rf7 Ng5 42. Rxf6 Rh2+ 43. Ke3 Rxa2 44. g4 Ra3+ 45.
Kd2 1/2-1/2

[Event "15. Obert Int. Sant Marti 2013"]
[Site "Barcelona ESP"]
[Date "2013.07.18"]
[Round "6.46"]
[White "De Azua Arpi, Rafael"]
[Black "Haug, Johannes"]
[Result "0-1"]
[WhiteElo "1943"]
[BlackElo "2042"]
[PlyCount "96"]
[EventDate "2013.07.13"]
[EventType "swiss"]
[EventRounds "9"]
[EventCountry "ESP"]
[SourceTitle "Ajedrez en Madrid"]
[Source "lmi"]
[SourceDate "2013.07.13"]
[SourceVersion "1"]
[SourceVersionDate "2019.06.21"]
[SourceQuality "1"]

1. d4 Nf6 2. c4 e6 3. Nc3 Bb4 4. Qc2 O-O 5. a3 Bxc3+ 6. Qxc3 Ne4 7. Qc2 f5 8.
Nf3 b6 9. Bf4 Bb7 10. h3 d6 11. e3 Nd7 12. O-O-O Qe7 13. Ng1 e5 14. Bh2 exd4
15. Rxd4 a5 16. Nf3 Ndc5 17. Rg1 a4 18. Kb1 Nb3 19. Rd1 Nec5 20. Ka2 Be4 21.
Qc3 b5 22. cxb5 Na5 23. Bc4+ Kh8 24. Bd5 Rfb8 25. Bxe4 Nxe4 26. Qb4 c5 27. Qxa4
Qf7+ 28. Kb1 Nb3 29. Qxa8 Rxa8 30. Bxd6 Nxd6 31. Rxd6 Qb7 32. Rgd1 h6 33. h4
Kh7 34. b6 Qe4+ 35. Ka2 Qc4 36. Kb1 Na5 37. h5 Qb5 38. Ne5 Nb7 39. Rd7 Qxb6 40.
Ng6 Rd8 41. f4 c4 42. R1d2 Rxd7 43. Nf8+ Kg8 44. Nxd7 Qxe3 45. Rc2 Qxf4 46. Nb6
Na5 47. Nd5 Qf1+ 48. Ka2 Nb3 0-1

[Event "15. Obert Int. Sant Marti 2013"]
[Site "Barcelona ESP"]
[Date "2013.07.18"]
[Round "6.47"]
[White "Pellus Ruiz, Josep"]
[Black "Barba Rios, Enric"]
[Result "1-0"]
[WhiteElo "2171"]
[BlackElo "1956"]
[PlyCount "83"]
[EventDate "2013.07.13"]
[EventType "swiss"]
[EventRounds "9"]
[EventCountry "ESP"]
[SourceTitle "Ajedrez en Madrid"]
[Source "lmi"]
[SourceDate "2013.07.13"]
[SourceVersion "1"]
[SourceVersionDate "2019.06.21"]
[SourceQuality "1"]

1. c4 e5 2. g3 c6 3. d4 exd4 4. Qxd4 Nf6 5. Nc3 d5 6. Nf3 Be6 7. Ng5 c5 8. Nxe6
fxe6 9. Qe5 Qd6 10. Qxd6 Bxd6 11. Bg2 Be5 12. cxd5 Bxc3+ 13. bxc3 exd5 14. c4
Nc6 15. cxd5 Nb4 16. O-O Nbxd5 17. e4 Ne7 18. Rd1 Rd8 19. Rxd8+ Kxd8 20. Bf4 b6
21. Rd1+ Ke8 22. Bc7 Kf7 23. e5 Rc8 24. exf6 Rxc7 25. fxe7 Kxe7 26. Kf1 b5 27.
Ke2 c4 28. Kd2 a5 29. Kc2 Rc5 30. Rd5 Rxd5 31. Bxd5 Kd6 32. Bg8 h6 33. a4 bxa4
34. Bxc4 Kc5 35. Kc3 g5 36. f4 gxf4 37. gxf4 Kd6 38. Kd4 a3 39. f5 h5 40. h4 a4
41. f6 Kd7 42. Ke5 1-0

[Event "15. Obert Int. Sant Marti 2013"]
[Site "Barcelona ESP"]
[Date "2013.07.18"]
[Round "6.48"]
[White "Meza Martinez, Alcides Ivan"]
[Black "Castillo Escario, Yolanda"]
[Result "0-1"]
[WhiteElo "2136"]
[BlackElo "1997"]
[PlyCount "116"]
[EventDate "2013.07.13"]
[EventType "swiss"]
[EventRounds "9"]
[EventCountry "ESP"]
[SourceTitle "Ajedrez en Madrid"]
[Source "lmi"]
[SourceDate "2013.07.13"]
[SourceVersion "1"]
[SourceVersionDate "2019.06.21"]
[SourceQuality "1"]

1. c4 c6 2. Nf3 d5 3. g3 Nf6 4. Bg2 Bf5 5. b3 e6 6. Bb2 Be7 7. O-O O-O 8. Nh4
Be4 9. Nf3 h6 10. Nc3 Bh7 11. d4 Nbd7 12. Re1 Qc7 13. Rc1 Rad8 14. Nd2 Qa5 15.
a3 Qb6 16. e3 a5 17. Qe2 Rfe8 18. Red1 Bg6 19. h3 Nh7 20. c5 Qc7 21. f4 f6 22.
b4 axb4 23. axb4 b5 24. Nb3 f5 25. Ra1 Ra8 26. Na5 Nb8 27. Nb1 Nf6 28. Bf3 Na6
29. Bc3 Ra7 30. Na3 Rea8 31. Nc2 Bd8 32. Ra3 Qd7 33. Kh2 Nxb4 34. Bxb4 Bxa5 35.
Bxa5 Rxa5 36. Rxa5 Rxa5 37. Nb4 Ra4 38. Rb1 Be8 39. Nd3 Qa7 40. Ne5 Bd7 41. Rb2
Be8 42. g4 Qb7 43. g5 hxg5 44. fxg5 Nd7 45. Nxd7 Qxd7 46. h4 g6 47. Kh3 Qb7 48.
Qh2 Ra3 49. Qe5 Bf7 50. h5 gxh5 51. g6 Bxg6 52. Rg2 Kh7 53. Qxe6 Qf7 54. Qe5 f4
55. Rxg6 Qxg6 56. Qxf4 Qe6+ 57. Kh4 Rxe3 58. Kxh5 Qg6+ 0-1

[Event "15. Obert Int. Sant Marti 2013"]
[Site "Barcelona ESP"]
[Date "2013.07.18"]
[Round "6.49"]
[White "Posada, Juan Manuel"]
[Black "Cervello I Tost, Roger"]
[Result "1-0"]
[WhiteElo "2101"]
[BlackElo "1954"]
[PlyCount "81"]
[EventDate "2013.07.13"]
[EventType "swiss"]
[EventRounds "9"]
[EventCountry "ESP"]
[SourceTitle "Ajedrez en Madrid"]
[Source "lmi"]
[SourceDate "2013.07.13"]
[SourceVersion "1"]
[SourceVersionDate "2019.06.21"]
[SourceQuality "1"]

1. e4 e5 2. Nf3 Nc6 3. d4 exd4 4. Nxd4 Nf6 5. Nxc6 bxc6 6. e5 Qe7 7. Qe2 Nd5 8.
c4 Nb6 9. Nc3 Qe6 10. Qe4 g6 11. Bd3 Bg7 12. f4 O-O 13. O-O Bb7 14. Qf3 Nxc4
15. Ne4 d6 16. Qe2 Nb6 17. Ng5 Qe7 18. Bd2 dxe5 19. f5 Nd5 20. Ne4 Bc8 21. g4
Rb8 22. f6 Bxf6 23. Rxf6 Nxf6 24. Bg5 Qe6 25. Bxf6 Qxg4+ 26. Qxg4 Bxg4 27. Bxe5
f6 28. Nxf6+ Rxf6 29. Bxf6 Be6 30. a3 Rb3 31. Bc3 Rb8 32. Re1 Kf7 33. Re5 Rd8
34. Bc2 Bd5 35. Bb4 Rd7 36. Bc5 Kf6 37. Re1 a6 38. Bd3 a5 39. Bc2 Kf7 40. Bd4
Bc4 41. Bc3 1-0

[Event "15. Obert Int. Sant Marti 2013"]
[Site "Barcelona ESP"]
[Date "2013.07.18"]
[Round "6.50"]
[White "Calderon Alzate, Ivan Alejandro"]
[Black "Ortiz De Latierro Olivella, Aitor"]
[Result "1/2-1/2"]
[WhiteElo "1882"]
[BlackElo "2078"]
[PlyCount "43"]
[EventDate "2013.07.13"]
[EventType "swiss"]
[EventRounds "9"]
[EventCountry "ESP"]
[SourceTitle "Ajedrez en Madrid"]
[Source "lmi"]
[SourceDate "2013.07.13"]
[SourceVersion "1"]
[SourceVersionDate "2019.06.21"]
[SourceQuality "1"]

1. e4 e5 2. Nf3 Nc6 3. Bb5 a6 4. Ba4 Nf6 5. O-O Be7 6. Re1 b5 7. Bb3 O-O 8. h3
Bb7 9. c3 d5 10. exd5 Nxd5 11. d4 exd4 12. Nxd4 Nxd4 13. cxd4 Bd6 14. Nc3 Nxc3
15. bxc3 Qd7 16. Qd3 Rae8 17. Bg5 h6 18. Bh4 Kh8 19. Bg3 f5 20. Bxd6 cxd6 21.
d5 Bc8 22. c4 1/2-1/2

[Event "15. Obert Int. Sant Marti 2013"]
[Site "Barcelona ESP"]
[Date "2013.07.18"]
[Round "6.51"]
[White "Barcelo Sola, David"]
[Black "Carlsen, Ellen Oen"]
[Result "1-0"]
[WhiteElo "2075"]
[BlackElo "1947"]
[PlyCount "67"]
[EventDate "2013.07.13"]
[EventType "swiss"]
[EventRounds "9"]
[EventCountry "ESP"]
[SourceTitle "Ajedrez en Madrid"]
[Source "lmi"]
[SourceDate "2013.07.13"]
[SourceVersion "1"]
[SourceVersionDate "2019.06.21"]
[SourceQuality "1"]

1. e4 c5 2. Nf3 Nc6 3. Bb5 g6 4. O-O Bg7 5. Re1 d6 6. Bxc6+ bxc6 7. Nc3 e5 8.
d3 Ne7 9. Bg5 h6 10. Be3 O-O 11. Nh4 g5 12. Nf3 Rb8 13. b3 Ng6 14. Ne2 f5 15.
exf5 Bxf5 16. Nd2 Nf4 17. Ng3 Bg6 18. Nde4 Rb7 19. Qg4 Rbf7 20. h4 d5 21. h5
Bxe4 22. dxe4 d4 23. Bxf4 exf4 24. Nf5 Qd7 25. Rad1 Kh7 26. Qe2 Re8 27. Qc4 f3
28. gxf3 Be5 29. Qxc5 Rxf5 30. exf5 Qxf5 31. Qxc6 d3 32. Rxd3 Bh2+ 33. Kxh2
Qf4+ 34. Kg2 1-0

[Event "15. Obert Int. Sant Marti 2013"]
[Site "Barcelona ESP"]
[Date "2013.07.18"]
[Round "6.52"]
[White "Velez Alvarez, Laura Camila"]
[Black "Saez Coma, Alejandro"]
[Result "1-0"]
[WhiteElo "1774"]
[BlackElo "2025"]
[PlyCount "85"]
[EventDate "2013.07.13"]
[EventType "swiss"]
[EventRounds "9"]
[EventCountry "ESP"]
[SourceTitle "Ajedrez en Madrid"]
[Source "lmi"]
[SourceDate "2013.07.13"]
[SourceVersion "1"]
[SourceVersionDate "2019.06.21"]
[SourceQuality "1"]

1. e4 Nc6 2. Nf3 d6 3. d4 Bg4 4. Be3 Nf6 5. Nc3 e6 6. h3 Bh5 7. d5 exd5 8. exd5
Ne5 9. g4 Bg6 10. Nd4 Qe7 11. Qe2 a6 12. f4 Nc4 13. Bf2 Be4 14. Nxe4 Nxe4 15.
Nf5 Ng3 16. Qxe7+ Bxe7 17. Bxg3 Nb6 18. Nxe7 Kxe7 19. Bg2 Kd7 20. b3 h5 21. Kd2
a5 22. Rae1 a4 23. Re2 axb3 24. axb3 Ra5 25. c4 Ra3 26. Kc3 g6 27. Rhe1 Nc8 28.
gxh5 Rxh5 29. Bf3 Rh8 30. h4 Rg8 31. Bf2 Rh8 32. h5 gxh5 33. Be4 Ne7 34. Bh4 c5
35. f5 Ng8 36. Bf3 Ra8 37. f6 b6 38. Bg2 Kc7 39. Bh3 Rh6 40. Bf5 Rh8 41. Re8
Rd8 42. Rxd8 Kxd8 43. Ra1 1-0

[Event "15. Obert Int. Sant Marti 2013"]
[Site "Barcelona ESP"]
[Date "2013.07.18"]
[Round "6.53"]
[White "Ofstad, Sigurd"]
[Black "Vargas Drechsler, Carlos"]
[Result "1-0"]
[WhiteElo "2007"]
[BlackElo "1903"]
[PlyCount "51"]
[EventDate "2013.07.13"]
[EventType "swiss"]
[EventRounds "9"]
[EventCountry "ESP"]
[SourceTitle "Ajedrez en Madrid"]
[Source "lmi"]
[SourceDate "2013.07.13"]
[SourceVersion "1"]
[SourceVersionDate "2019.06.21"]
[SourceQuality "1"]

1. f4 e5 2. fxe5 d6 3. exd6 Bxd6 4. Nf3 g5 5. g3 g4 6. Nh4 Ne7 7. d4 Ng6 8.
Nxg6 hxg6 9. Qd3 Nc6 10. c3 Bf5 11. Qe3+ Ne7 12. Bg2 c6 13. Qf2 Qb6 14. Nd2 Qa6
15. e4 O-O-O 16. Bf1 b5 17. Bd3 Qa5 18. exf5 Nd5 19. O-O Rh3 20. Ne4 Qc7 21.
Nxd6+ Qxd6 22. Bf4 Qf8 23. fxg6 fxg6 24. Bg5 Qxf2+ 25. Rxf2 Rdh8 26. Bxg6 1-0

[Event "15. Obert Int. Sant Marti 2013"]
[Site "Barcelona ESP"]
[Date "2013.07.18"]
[Round "6.54"]
[White "Barragan Hernandez, Manel"]
[Black "Real Pereyra, Diana Carime"]
[Result "1/2-1/2"]
[WhiteElo "1889"]
[BlackElo "2076"]
[PlyCount "150"]
[EventDate "2013.07.13"]
[EventType "swiss"]
[EventRounds "9"]
[EventCountry "ESP"]
[SourceTitle "Ajedrez en Madrid"]
[Source "lmi"]
[SourceDate "2013.07.13"]
[SourceVersion "1"]
[SourceVersionDate "2019.06.21"]
[SourceQuality "1"]

1. c4 e5 2. Nc3 Nf6 3. Nf3 Nc6 4. g3 d5 5. cxd5 Nxd5 6. Bg2 Nf6 7. O-O h6 8. d3
Bc5 9. a3 O-O 10. b4 Bb6 11. b5 Nd4 12. e3 Ba5 13. Bb2 Nxf3+ 14. Bxf3 a6 15. a4
Re8 16. Qc2 Rb8 17. Rfe1 Qe7 18. Ba3 Qe6 19. Rab1 Bd7 20. Ne4 Nxe4 21. Bxe4
axb5 22. axb5 f5 23. Bg2 Kh8 24. Qc4 Qg6 25. Bc5 Be6 26. Qa4 b6 27. Bc6 Rec8
28. Be7 Qf7 29. Qh4 Bb3 30. Rec1 Bd2 31. Rf1 Qe6 32. d4 Bd5 33. Bxd5 Qxd5 34.
Rfd1 Bc3 35. dxe5 Qxe5 36. Rd7 Ra8 37. Bg5 Qe6 38. Re7 Qg6 39. Bf4 Bf6 40. Re6
Qf7 41. Rxf6 Qxf6 42. Qxf6 gxf6 43. Bxh6 Ra5 44. Bf4 Kg7 45. h4 Kf7 46. Kg2 Kg6
47. Rb2 Ra4 48. f3 Rc4 49. g4 fxg4 50. fxg4 f5 51. h5+ Kf7 52. gxf5 Rg8+ 53.
Kf3 Kf6 54. e4 Rc3+ 55. Be3 Re8 56. Rb4 Rd8 57. Kf4 Kf7 58. e5 Rdd3 59. e6+ Ke7
60. Bd4 Rc1 61. h6 Rh1 62. Ke5 Re1+ 63. Kd5 Rf1 64. h7 Rxf5+ 65. Ke4 Rh5 66.
Kxd3 Rxh7 67. Rc4 Kxe6 68. Rc6+ Kd5 69. Be3 Ke5 70. Bf2 Rd7+ 71. Kc4 Ke4 72.
Bg1 Rd1 73. Bh2 Rc1+ 74. Kb4 Rb1+ 75. Kc4 Rc1+ 1/2-1/2

[Event "15. Obert Int. Sant Marti 2013"]
[Site "Barcelona ESP"]
[Date "2013.07.18"]
[Round "6.55"]
[White "Jacobsen, Maria Pitz"]
[Black "Ramirez Medina, Victor"]
[Result "0-1"]
[WhiteElo "1814"]
[BlackElo "2012"]
[PlyCount "90"]
[EventDate "2013.07.13"]
[EventType "swiss"]
[EventRounds "9"]
[EventCountry "ESP"]
[SourceTitle "Ajedrez en Madrid"]
[Source "lmi"]
[SourceDate "2013.07.13"]
[SourceVersion "1"]
[SourceVersionDate "2019.06.21"]
[SourceQuality "1"]

1. e4 c5 2. Nf3 d6 3. d4 cxd4 4. Nxd4 Nf6 5. Nc3 a6 6. Be3 e6 7. Be2 Be7 8. O-O
O-O 9. Qd2 Qc7 10. f4 b5 11. a3 Bb7 12. Bf3 Nbd7 13. f5 e5 14. Nde2 Nb6 15.
Bxb6 Qxb6+ 16. Kh1 Rfd8 17. Ng3 Rac8 18. Nh5 Rc4 19. Nxf6+ Bxf6 20. Rad1 h6 21.
Bh5 Qc7 22. Qe2 b4 23. axb4 Rxb4 24. Rb1 Rc8 25. Qd3 Qb6 26. Nd5 Bxd5 27. Qxd5
Rc7 28. Rfd1 Qc5 29. Qa8+ Rc8 30. Qxa6 Rxe4 31. Qb7 Qxc2 32. Bxf7+ Kh8 33. Be6
Rd8 34. Rbc1 Qe2 35. h3 Bg5 36. Ra1 Re3 37. Rf1 Qh5 38. Rf3 Rxf3 39. Qxf3 Qh4
40. Qd3 Bf4 41. Qf1 Qg3 42. Qg1 e4 43. Ra3 e3 44. Ra1 e2 45. b4 Bd2 0-1